000 00604nam a2200217Ia 4500
003 OSt
005 20250806153234.0
008 210423s1991 xx 000 0 und d
020 _a10070278771
040 _cAL
041 _aeng
082 _a303.38
_b ZIMP
100 _aPhilip G Zimbardo
_988003
245 _aPsychology of attitude change and social influence.
260 _aNew Delhi
_bTata McGraw-hill
_c1991
300 _axix,370,I.18
_bPB
365 _b895
_cINR
700 _aLeippe, Michael R
_9234314
906 _aattitude ; change ; influence. ; Psychology ; social
942 _2ddc
_cBK
999 _c157432
_d157432